| 000 | 00502nam a2200181Ia 4500 | ||
|---|---|---|---|
| 005 | 20260617145830.0 | ||
| 008 | 131103s9999 xx 000 0 und d | ||
| 040 | _aLoreto College | ||
| 041 | _aEnglish | ||
| 082 |
_a220 _bZEL |
||
| 100 | _aZeller, Dom Hubert Van | ||
| 245 |
_aProphets and princes _b A retreat with the four books of kings _cDom Hubert Van Zeller |
||
| 260 |
_aLondon _bBurns oates & washbourne ltd _c1936 |
||
| 300 | _a135p | ||
| 650 | _aBible | ||
| 850 | _aLCLIB | ||
| 942 | _cBK | ||
| 999 |
_c25641 _d76120 |
||